|
|
|
|
| LEADER |
01537nam a2200409 a 4500 |
| 001 |
000678914 |
| 003 |
CZ BrMZK |
| 005 |
20081211135746.0 |
| 007 |
ta |
| 008 |
030723s2003 xr b e 000 1dcze d |
| 015 |
|
|
|a cnb001252396
|
| 020 |
|
|
|a 80-7185-594-4
|q (váz.)
|
| 035 |
|
|
|a (OCoLC)53260647
|
| 040 |
|
|
|a BOA001
|c ze
|d BOA001
|
| 043 |
|
|
|a e-xr---
|
| 045 |
|
|
|a x-y-
|
| 072 |
|
7 |
|a 72/76
|x Výtvarné umění
|2 Konspekt
|9 21
|
| 080 |
|
|
|a 72/76.071.1
|2 MRF
|
| 080 |
|
|
|a 72/76
|2 MRF
|
| 080 |
|
|
|a (437.3)
|2 MRF
|
| 080 |
|
|
|a (047.53)
|2 MRF
|
| 100 |
1 |
|
|a Volf, Petr,
|d 1965-
|7 jn20000402585
|4 aut
|4 ivr
|
| 245 |
1 |
0 |
|a Na začátku je čára :
|b rozhovory s výtvarníky /
|c Petr Volf ; [fotografie Petr Jedinák, David Kraus, Jan Šibík]
|
| 250 |
|
|
|a Vyd. 1.
|
| 260 |
|
|
|a Praha ;
|a Litomyšl :
|b Paseka :
|b Refle,
|c 2003
|
| 300 |
|
|
|a 239 s. :
|b portréty ;
|c 22 cm
|
| 648 |
|
7 |
|a 20.-21. století
|7 ch462155
|2 czenas
|
| 650 |
0 |
7 |
|a výtvarní umělci
|7 ph116709
|z Česko
|y 20.-21. stol.
|2 czenas
|
| 650 |
0 |
7 |
|a výtvarné umění
|7 ph116708
|2 czenas
|
| 655 |
|
7 |
|a rozhovory
|7 fd133303
|2 czenas
|
| 700 |
1 |
|
|a Šibík, Jan,
|d 1963-
|7 jn20000402819
|4 pht
|
| 700 |
1 |
|
|a Jedinák, Petr,
|d 1963-
|7 xx0020583
|4 pht
|
| 700 |
1 |
|
|a Kraus, David,
|d 1968-
|7 jn99240000527
|4 pht
|
| 856 |
4 |
1 |
|u http://www.digitalniknihovna.cz/mzk/uuid/uuid:15830140-55dc-11e3-ae59-005056827e52
|y Digitalizovaný dokument
|x NDK
|
| 910 |
|
|
|a BOA001
|b 2-1122.052
|
| 990 |
|
|
|a BK
|
| 996 |
6 |
|
|b 2610195846
|c 2-1122.052
|l MZK
|r Sklad / do 1 hodiny
|n 2
|p p.v.
|w 000678914
|u 000010
|a 1
|e BOA001
|j MZK50
|s P
|